Ultimate North American Flags Quiz - Statistics

General Stats
  • This quiz has been taken 66 times
  • The average score is 35 of 381
Answer Stats
Picture Hint Answer % Correct
Country Cuba
76%
Country Canada
73%
Country Dominican Republic
70%
Country Barbados
68%
Country Jamaica
68%
Intercontinental Organization North Atlantic Treaty Association
68%
Country Bahamas
65%
Country Dominica
65%
Country Honduras
65%
Country Mexico
65%
Country Panama
65%
Country United States
65%
Country El Salvador
62%
Country Belize
59%
Country Costa Rica
59%
Country Grenada
59%
Country Haiti
59%
Country Trinidad and Tobago
59%
Country Antigua and Barbuda
57%
Autonomous Territory Greenland
57%
Country Guatemala
57%
Country Saint Lucia
57%
Country Saint Vincent and the Grenadines
54%
Country Nicaragua
51%
Commonwealth Puerto Rico
51%
Country St. Kitts and Nevis
51%
Constituent Country Aruba
49%
Overseas Territory Bermuda
49%
Special Municipality Bonaire
43%
Overseas Territory Anguilla
38%
Overseas Territory Cayman Islands
38%
Constituent Country Curaçao
38%
Province Quebec
38%
Overseas Territory British Virgin Islands
35%
Intercontinental Organization Caribbean Community
32%
Overseas Territory Turks and Caicos Islands
32%
Unincorporated and Recognized Territory U.S. Virgin Islands
32%
Province Alberta
30%
Province British Columbia
30%
Overseas Region and Department Guadeloupe
30%
Overseas Region and Department Martinique
30%
Overseas Territory Montserrat
30%
Province Newfoundland and Labrador
30%
Province Ontario
30%
Province Prince Edward Island
30%
Constituent Country Sint Maarten
30%
Province Manitoba
27%
Province Nova Scotia
27%
Internal Territory Nunavut
27%
Special Municipality Saba
27%
Overseas Collectivity Saint Barthélemy
27%
Overseas Collectivity Saint Martin
27%
Province Saskatchewan
27%
Internal Territory Yukon
27%
City (dark space is transparent) Havana
24%
Province New Brunswick
24%
Overseas Collectivity Saint Pierre and Miquelon
24%
City Chicago
22%
City Dallas
22%
City León
22%
City Managua
22%
Internal Territory Northwest Territories
22%
Special Municipality Sint Eustatius
22%
City Los Angeles
19%
City San Jose
19%
City Calgary
16%
(1949-2022) Honduras
16%
City Houston
16%
City New York City
16%
City Phoenix
16%
State Texas
16%
City Toronto
16%
State Arkansas
14%
City Belmopan
14%
State California
14%
State Iowa
14%
State Kansas
14%
State Montana
14%
City Montreal
14%
State Oklahoma
14%
City Tijuana
14%
State Alaska
11%
Autonomous Region Barbuda
11%
Unofficial Cape Breton Island
11%
State Colorado
11%
City Guatemala City
11%
State Illinois
11%
State Minnesota
11%
State North Carolina
11%
State (dark parts are transparent) Ohio
11%
Intercontinental Organization Organization of American States
11%
City Philadelphia
11%
(1979-2002) Saint Lucia
11%
City San Antonio
11%
State Wisconsin
11%
State Wyoming
11%
Francophone Peoples Acadia
8%
State Alabama
8%
State Arizona
8%
City Edmonton
8%
State Hawaii
8%
State Indiana
8%
State Maryland
8%
Autonomous Region Nevis
8%
State New Mexico
8%
State North Dakota
8%
State (obverse) Oregon
8%
City Ottawa
8%
City San Diego
8%
State South Carolina
8%
State South Dakota
8%
State Tennessee
8%
State Utah
8%
Armed Forces Canadian Army
5%
State Florida
5%
State Georgia
5%
City Guadalajara
5%
Province-level Indigenous Region Guna Yala
5%
Department Managua
5%
City Mexico City
5%
State Nevada
5%
Unofficial Newfoundland Tricolor
5%
Intracontinental organization United States-Mexico-Canada Agreement
5%
Historical USA (1912-1959)
5%
City Vancouver
5%
State Virginia
5%
State Washington
5%
Annexation Yucatán
5%
Other Colors African American
3%
Department Baja Verapaz
3%
Historical Betsy Ross' USA Flag
3%
Department Cabañas
3%
Intracontinental organization Central American Integration System
3%
Department Chalatenango
3%
State Connecticut
3%
State Delaware
3%
Federal District District of Columbia
3%
Viceregal/Administrative Governor General of Canada
3%
Indigenous Nation Haida
3%
Historical "Hopkinson" Version USA Flag
3%
State Idaho
3%
State Kentucky
3%
Unofficial Labrador
3%
Department León
3%
State Louisiana
3%
State Maine
3%
State Massachusetts
3%
Department Matagalpa
3%
State Michigan
3%
State Mississippi
3%
State Missouri
3%
Province-level Indigenous Region Naso Tjër Di
3%
State Nebraska
3%
State New Hampshire
3%
State New Jersey
3%
State New York
3%
State (reverse) Oregon
3%
State Pennsylvania
3%
Department Petén
3%
Executive Branch President of the United States
3%
State Rhode Island
3%
City San Salvador
3%
Annexation Sonora
3%
Historical USA (1777-1795)
3%
Military US Army
3%
Military US Navy
3%
State Vermont
3%
Unofficial Western Canada
3%
State West Virginia
3%
Acadians Acadiana Region of Louisiana
0%
Historical Village Accompong
0%
Department Ahuachapán
0%
Military Air Force
0%
Province Alajuela
0%
Other States Alamo Flag
0%
Department Alta Verapaz
0%
Indigenous Nation Anishinaabek
0%
Native American Arapho
0%
Armed Forces Army Cadet League of Canada
0%
State Baja California Sur
0%
Ethnic Group(s) Bandera de los Pueblos
0%
Indigenous Nation Beaver Lake Cree
0%
Immigrants Black Nova Scotians
0%
Department Boaco
0%
Province Bocas del Toro
0%
1871-1956 British Leeward Islands
0%
Native American Cahto Tribe
0%
Armed Forces Canada Border Services Agency
0%
Crown Corporation Canadian Broadcasting Corporation
0%
Armed Forces Canadian Coast Guard
0%
Armed Forces Canadian Naval Ensign
0%
Region Cape Breton Island
0%
Department Carazo
0%
Province Cartago
0%
Bioregion Cascadia
0%
Institutional Central Electoral Board
0%
City Charlottetown
0%
Native American Cherokee Nation
0%
Annexation Chiapas
0%
Department Chinandega
0%
Native American Chinook
0%
Province Chiriquí
0%
Native American Choctaw Nation
0%
Department Chontales
0%
Other Civil Ensign of the Bahamas
0%
Native American Clatsop
0%
Province Coclé
0%
Province Colón
0%
Native American Comanche Nation
0%
Department Comayagua
0%
Municipality Corn Islands
0%
Native American Crow Nation
0%
Province Darién
0%
Military Dominican Air Force
0%
Military Dominican Armed Forces
0%
Military Dominican Army
0%
Military Dominican National Police
0%
State Durango
0%
Immigrants English-speaking Quebecers
0%
Department Escuintla
0%
Department Estelí
0%
(1823-1841) Federal Republic of Central America
0%
Department Francisco Morazán
0%
Francophone Peoples Franco-Albertans
0%
Francophone Peoples Franco-Columbians
0%
Francophone Peoples Franco-Manitobans
0%
Francophone Peoples Franco-Nunavois
0%
Francophone Peoples Franco-Ontarians
0%
Francophone Peoples Franco-Ténois
0%
Francophone Peoples Franco-Terreneuviens
0%
Francophone Peoples Franco-Yukonnais
0%
Francophone Peoples Fransaskois
0%
Immigrants Gaelic Canadians
0%
Ethnic Group Garifuna People
0%
Viceregal Governor-General of Antigua and Barbuda
0%
Government Governor-General of Belize
0%
Governor-General Governor-General of Jamaica
0%
Viceregal Governor-General of Saint Lucia
0%
Viceregal Governor-General of St. Kitts and Nevis
0%
Royal/Viceregal Governor-General of the Bahamas
0%
Department Granada
0%
Other States Green Mountain Boys
0%
Province Guanacaste
0%
Department Guatemala
0%
State Guerrero
0%
City Halifax
0%
Indigenous Nation Haudenosaunee Confederacy
0%
Municipal Havana
0%
Province Heredia
0%
Province Herrera
0%
Native American Hopi Nation
0%
Indigenous Nation Innu
0%
Vexillological Association International Federation of Vexillological Associations
0%
Indigenous Nation Inuvialuit
0%
City Iqaluit
0%
State Jaisco
0%
Department Jalapa
0%
Military Jamaica Defense Force
0%
Military Jamaica Naval Ensign
0%
Indigenous People Jatibonicu Taíno Tribal Nation
0%
Department Jinotega
0%
Native American Ketchikan Indian Community
0%
Dependency/Micronation Kingdom of Redonda
0%
Municipality Kujalleq
0%
Department La Libertad
0%
Department La Unión
0%
Province Limón
0%
Province Los Santos
0%
Department Madriz
0%
Corregimiento-level Indigenous Region Madungandí
0%
Department Masaya
0%
Ethnic Group Maya People
0%
Native American Maya People
0%
Native American Mayo People
0%
Native American Mazahua People
0%
Indigenous Nation Métis
0%
Indigenous Nation Métis
0%
Military Mexican Army
0%
Native American Miccosukee
0%
Indigenous Nation Mi'kmaq Nation Grand Council
0%
Native American Mixe People
0%
Native American Mohegan Tribe
0%
City Monterrey
0%
Department Morazán
0%
Indigenous Nation Musqueam People
0%
Native American Nahuas
0%
Native American Navajo Nation
0%
Military Naval Ensign of St. Kitts and Nevis
0%
Other Naval Ensign of the Bahamas
0%
Military Naval Jack of the Dominican Republic
0%
Unofficial Navassa Island
0%
Region (unofficial) New England
0%
Acadians New England Acadians
0%
Province-level Indigenous Region Ngäbe-Buglé
0%
Regional Municipality Niagara
0%
Native American Ninilchik
0%
Indigenous Nation Nisga'a
0%
Autonomous Region North Caribbean Coast Autonomous Region
0%
Native American Northern Cheyenne Tribe
0%
Department Nueva Segovia
0%
Indigenous Nation Nunatsiavut
0%
Indigenous Nation NunatuKavut
0%
Indigenous Nation Nunavik (unofficial)
0%
Municipality Center Nuuk
0%
Department Octopeque
0%
Native American Ogala Sioux Tribe (Pine Ridge Agency)
0%
Department Olancho
0%
Intercontinental Organization Organization of African, Caribbean and Pacific States
0%
Native American Organized village of Kake
0%
Unofficial Outer Bald Tusket Island
0%
(1903-1979) Panama Canal Zone
0%
Province Panamá Oeste
0%
Government Parliament of the Bahamas
0%
Native American Pawnee Nation
0%
Indigenous Nation Peguis First Nation
0%
Indigenous Nation Piapot First Nation
0%
Native American Pima People
0%
Native American Poarch Band of Creek Indians
0%
Presidential Presidential Standard of Mexico
0%
Government President of Barbados
0%
Government President of Cuba
0%
Government President of Dominica
0%
Government President of Trinidad and Tobago
0%
Government Prime Minister of Barbados
0%
Government Prime Minister of the Bahamas
0%
City Puebla
0%
Province Puntarenas
0%
Native American Purépecha People
0%
Municipality Qeqqata
0%
City Quebec City
0%
State Querétaro
0%
State Quintana Roo
0%
City Regina
0%
Annexation Rio Grande
0%
Department Rio San Juan
0%
Department Rivas
0%
Armed Forces Royal Canadian Air Force
0%
Crown Corporation Royal Canadian Mint
0%
Native American Sac and Fox Tribe of the Mississippi in Iowa
0%
Department Sacatepéquez
0%
Region Saguenay-Lac-Saint-Jean
0%
Province San José
0%
Department San Salvador
0%
Department Santa Ana
0%
Department Santa Bárbara
0%
Department San Vicente
0%
Government Senate of the Bahamas
0%
Native American Seri People
0%
Municipality Sermersooq
0%
Department Sololá
0%
Department Sonsonate
0%
Autonomous Region South Caribbean Coast Autonomous Region
0%
City St. John's
0%
Department Suchitepéquez
0%
Institutional Supreme Court of the Dominican Republic
0%
City Tegucigalpa
0%
Other States Texas come and take it
0%
State Tlaxcala
0%
Native American Tohono o'odham People
0%
Department Totonicapán
0%
(1947-1994) Trust Territory of the Pacific Islands
0%
Executive Branch United States Ambassadors
0%
Military US Air Force
0%
Military US Coast Guard
0%
Executive Branch US Department of State
0%
Executive Branch US Deputy Secretary of State
0%
Military US Marine Corps
0%
Executive Branch US Secretary of State
0%
Military US Space Force
0%
Department Usulután
0%
Unofficial Vancouver Island
0%
Province Veraguas
0%
Executive Branch Vice President of the United States
0%
(1810) West Florida
0%
1958-1962 West Indies Federation
0%
City Winnipeg
0%
Native American Yaqui People
0%
City Yellowknife
0%
Native American Yupiit of Andreafski
0%
City Zapopan
0%
Native American Zapotec Peoples
0%
No matching quizzes found
Score Distribution
Percent of People with Each Score
Percentile by Number Answered
Your Score History
You have not taken this quiz